| 000 | 01371cam a2200277 4500 | ||
|---|---|---|---|
| 001 | ABS63464 | ||
| 008 | 000000n2001 000 0 eng u | ||
| 035 | _a(Sirsi) u110656 | ||
| 100 | _aBrock, D. | ||
| 245 | _aCall-in powers weakened | ||
| 260 | _c2001 | ||
| 490 |
_aEstates Gazette _v(0103) 20 January 2001, 123(1) |
||
| 520 | _aEvaluates the impact of "R v SoS Environment ex parte Holding and Barnes plc" and "R v SoS Environment ex parte Premier Leisure" challenging the SoS's call in powers as a breach of human rights with regard to listed buildings and ancient monuments. Notes that the appeals process does not comply with Article 6 of th European Covention as it is decided by the SoS and that, as a consequence, decisions on listing and scheduling could be challenged under human rights. | ||
| 590 | _aABS | ||
| 650 | _aANCIENT MONUMENTS AND ARCHAEOLOGICAL AREAS ACT 1979 | ||
| 650 | _aANCIENT MONUMENTS | ||
| 650 | _aHUMAN RIGHTS | ||
| 650 | _aCONVENTION FOR THE PROTECTION OF HUMAN RIGHTS AND FUNDAMENTAL FREEDOMS ART 6 | ||
| 650 | _aLISTED BUILDINGS | ||
| 650 | _aPLANNING (LISTED BUILDINGS AND CONSERVATION AREAS) ACT 1990 S7 | ||
| 650 | _aPLANNING APPEALS | ||
| 650 | _aR V SOS ENVIRONMENT EX P HOLDING AND BARNES PLC | ||
| 650 | _aR V SOS ENVIRONMENT EX P PREMIER LEISURE | ||
| 690 |
_aPlanning and development _96259 |
||
| 942 | _n0 | ||
| 999 |
_c65939 _d65939 |
||